| 000 | 00588nam a2200205Ia 4500 | ||
|---|---|---|---|
| 003 | OSt | ||
| 005 | 20200814141034.0 | ||
| 008 | 190216s9999||||xx |||||||||||||| ||und|| | ||
| 020 | _a8125011064 | ||
| 020 | _a97881255011064 | ||
| 040 | _coclc | ||
| 082 |
_a547.139 _bSYK/G |
||
| 100 |
_aSykes, Peter _94141 |
||
| 245 | 0 |
_aA Guidebook To Mechanism In Organic Chemistry / _cPeter Sykes |
|
| 250 | _a6th Ed. | ||
| 260 |
_bOrient Longman, _c1996. _aNew Delhi: |
||
| 300 | _a416p | ||
| 650 | _aChemistry-Chemistry | ||
| 942 |
_cBK _2ddc _h547.139 _iSYK/G _k547.139 _mSYK/G |
||
| 999 |
_c2788 _d2788 |
||